5HLuxD.jpg

KING HENRY VIII SENIOR AND PRIMARY SCHOOL LIBRARY OPAC

Demigods and Magicians / (Record no. 3753)

000 -LEADER
fixed length control field 01069nam a22002057a 4500
003 - CONTROL NUMBER IDENTIFIER
control field OSt
005 - DATE AND TIME OF LATEST TRANSACTION
control field 20241021093105.0
008 - FIXED-LENGTH DATA ELEMENTS--GENERAL INFORMATION
fixed length control field 241021b ||||| |||| 00| 0 eng d
020 ## - INTERNATIONAL STANDARD BOOK NUMBER
International Standard Book Number 9780141367286
040 ## - CATALOGING SOURCE
Transcribing agency KH8
082 ## - DEWEY DECIMAL CLASSIFICATION NUMBER
Classification number FIC RIO
100 ## - MAIN ENTRY--PERSONAL NAME
Personal name Riordan, Rick,
Relator term author.
245 ## - TITLE STATEMENT
Title Demigods and Magicians /
Statement of responsibility, etc. Rick Riordan.
260 ## - PUBLICATION, DISTRIBUTION, ETC.
Place of publication, distribution, etc. London ;
Name of publisher, distributor, etc. Penguin Books Ltd,
Date of publication, distribution, etc. 2016.
300 ## - PHYSICAL DESCRIPTION
Extent 240 pages :
Dimensions 198 x 129mm.
520 ## - SUMMARY, ETC.
Summary, etc. Join Percy Jackson, Annabeth Chase and Carter and Sadie Kane as they do battle with an ancient Egyptian magician determined to become a god. Against impossible odds, the four demigods and magicians team up to prevent the apocalypse. This book contains the short stories The Son of Sobek, The Staff of Serapis and The Crown of Ptolemy, together in one volume for the first time. And, read an exciting extract from The Sword of Summer, the first book in Rick Riordan's latest series, Magnus Chase and the Gods of Asgard.
650 ## - SUBJECT ADDED ENTRY--TOPICAL TERM
Topical term or geographic name entry element Action / Adventure
Form subdivision Juvenile Fiction
650 ## - SUBJECT ADDED ENTRY--TOPICAL TERM
Topical term or geographic name entry element Magic
Form subdivision Juvenile Fiction
942 ## - ADDED ENTRY ELEMENTS (KOHA)
Source of classification or shelving scheme
Koha item type Books - Fiction
Holdings
Withdrawn status Lost status Source of classification or shelving scheme Damaged status Not for loan Collection code Permanent Location Current Location Shelving location Date acquired Total Checkouts Full call number Barcode Date last seen Date last checked out Price effective from Koha item type
          Fiction KH8 Senior School Library KH8 Senior School Library Fiction 2024-10-21 3 FIC RIO 3KHSL000102096 2025-06-13 2025-06-05 2024-10-21 Books - Fiction

Powered By KH8 IT Dept